| 000 | 00891nam a2200217Ii 4500 | ||
|---|---|---|---|
| 003 | JO-AjNU | ||
| 008 | 230605s9999||||xx |||||||||||||| ||und|| | ||
| 017 | _a2021/7/3889 | ||
| 020 | _a978-9957-92-257-3 | ||
| 040 |
_aJO-AjNU _bara _erda _cJO-AjNU |
||
| 041 | _aara | ||
| 050 | 1 | 4 | _aQA76.9.2022 |
| 100 | 3 |
_a؛ ترجمة مفيد حواسين، مراد علي عيسىAlison Attrill-Smith and others, _eauthor _963456 |
|
| 245 | 0 | 0 | _aدليل اكسفورد لعلم النفس السيبراني=The Oxford Handbook CYBERPSYCHOLOGY |
| 250 | _aط1 | ||
| 300 | _a832ص | ||
| 336 |
_atext _btxt _2rdacontent |
||
| 337 |
_aunmediated _bn _2rdamedia |
||
| 338 |
_avolume _bnc _2rdacarrier |
||
| 650 | 4 |
_aعلم النفس السيبراني-وسائل الاتصال الجماهيري-التفاعل الاجتماعي-المواطن الرقمي-علم النفس التطبيقي _963457 |
|
| 999 |
_aA28785 _c32353 _d32353 |
||